| 000 | 00627nam a2200169 4500 | ||
|---|---|---|---|
| 001 | 126620 | ||
| 003 | ES-MaACL | ||
| 007 | t| | ||
| 008 | 070214s1980 mx r ||||1| spa d | ||
| 100 | 1 |
_aRevel-Mouroz, Jean. _996391 |
|
| 245 | 1 | 0 |
_aAprovechamiento y colonización del trópico húmedo mexicano _b: la vertiente del golfo y del Caribe / _cJean Revel-Mouroz ; traducción de José Barrales Valladares. |
| 250 | _a1ª. ed. | ||
| 260 |
_aMéxico : _bFondo de Cultura Económica, _c1980. |
||
| 300 |
_a391 p., 4 lám. : _bil. ; _c24 cm. |
||
| 700 | 1 |
_aBarrales Valladares, José. _925845 |
|
| 852 |
_aES-MaACL _jL-910 _bR.101644 |
||
| 999 |
_c126620 _d126620 |
||